Immigration Thailand - Statistiken

Allgemein
  • Dieses Quiz wurde 73 mal gespielt
  • Das Durchschnittsergebnis liegt bei 11 aus 13
Antwortstatistiken
Platze Land Anzahl % Korrekt
4. China 141.553
100%
6. Japan 80.898
92%
3. Laos 222.432
90%
1. Myanmar 1.292.686
90%
7. Indien 46.326
87%
8. Vereinigte Staaten 40.230
87%
12. Vietnam 17.662
87%
10. Deutschland 24.383
84%
2. Kambodscha 281.292
81%
11. Frankreich 22.486
75%
5. Vereinigtes Königreich 85.836
70%
13. Philippinen 17.574
60%
9. Niederlande 25.000
51%
Keine übereinstimmenden Quizze gefunden
Verteilung der Resultate
Anzahl Personen mit jedem Resultat
Perzentil nach korrekt beantworteten Fragen
Ihre Resultats-Entwicklung
Sie haben dieses Quiz noch nicht gespielt